000 00291 a2200145 4500
001 161176
020 _a
040 _cMagnum
100 _a-
240 1 0 _aBrincando/siciliano
_lpor
245 1 0 _aBrincando/siciliano
362 0 _a1899
697 _aI/SOCIEDADE, COTIDIANO
942 _cBK
999 _c161176
_d161176